| 000 | 00701pam a2200217 a 4500 | ||
|---|---|---|---|
| 020 | _a0070284695 (hardcover : alk. paper) | ||
| 020 | _a007115728X (ISE) | ||
| 040 | _cDLC | ||
| 082 | 0 | 0 | _a155 MCG 1999 A001 Or. |
| 100 | 1 | _aHetherington, E. Mavis | |
| 245 | 1 | 0 |
_aChild psychology : _ba contemporary viewpoint / |
| 250 | _a5th ed. | ||
| 260 |
_aBoston : _bMcGraw-Hill College, _cc1999. |
||
| 300 |
_a1 v. (various pagings) : _bcol. ill. ; _c29 cm. |
||
| 650 | 0 | _aChild psychology. | |
| 700 | 1 | _aParke, Ross D. | |
| 700 | 1 | _aLocke, Virginia O. | |
| 856 | 4 | 2 | _uhttp://www.loc.gov/catdir/description/mh023/98015013.html |
| 856 | 4 | 1 | _uhttp://www.loc.gov/catdir/toc/mh022/98015013.html |
| 942 | _cEK | ||
| 999 |
_c11788 _d11788 |
||